00641cam a2200205 a 45000010008000000030005000080050017000130080041000300100017000710200022000880400018001100500025001280820020001531000032001732450043002052500031002482600050002793000021003298560085003503576723Nust20170426111333.0990604r20001950nyu 000 1 eng  a 99035316  a0060953462 (pbk.) aDLCcDLCdDLC00aPR6023.E833bG7 200000a923.914 LES2211 aLessing, Doris,d1919-2013.14aThe Grass is Singing /cDoris Lessing. a1st Perennial Classics ed. aNew York :bPerennial Classics,c2000, c1950. a243 p. ;c21 cm.423Publisher descriptionuhttp://www.loc.gov/catdir/description/hc043/99035316.html